00847nam a2200229 a 450000100060000000300080000600500170001400800410003103500190007204000260009108200240011710000210014124501010016226000710026330000410033450200760037550400350045165000320048665000290051865000300054770000400057777539BD-RjUL20211209083001.0201118s2003 bg a|||| |||| 00| 0 eng d a(BD-RjUL)77764 aBD-RjULbengdBD-RjUL 223a006.4bFER 2003 aFerdousi, Afroza10aRecognition of Human faces /cSubmitted by Afroza Ferdousi 6Supervisor: Ramesh Chandra Debnath aRajshahi :bDept. of Applied Physics and Electronics, R. U.,c2003 a[5], X, 137 leaves :bill. ;c29 cm. aThesis ( M. phil.) -- Dept. of Applied Physics and Electronics, R. U.,  aReferences: Leaves [118] - 123 aPattern recognition systems aBiometric Identification aThree-Dimensional Imaging aDabnath, Ramesh Chandra, Supervisor